000 01269nam a22002657a 4500
005 20231123152021.0
008 160129s1926 fr ||||fr|||| 001 0 fre d
040 _cSandra Yazo
_dSandra Yazo
041 1 _afre
082 0 4 _220
_a823.91
092 _aE38N027
100 1 _aHaggard, H. Rider‏
_c
_q(Henry Rider)
_975099
_d1856-1925‏
242 0 0 _aAycha
_cHenry Rider Haggard ; Traducción del inglés por Marcel Benoit
_yspa
245 1 0 _aAycha
_cRider Haggard ; Traduit de l’anglais par Marcel Benoit
260 _aParís (Francia)
_bLes éditions G. Grès et Cie. [Ediciones G. Grès y Compañía]
_bImprimerie Floch [Imprenta Floch]
_c1926
300 _avi, 274 páginas
_c18 x 12 cm.
500 _aDetalles físicos: Encuadernación rígida (holandesa) cartón forrado en papel. Lomo de tela texturizada, con letras en dorado. Guardas. Hoja de cortesía, empieza a desprenderse. Anteportada. Portada impresa en una sola tinta, con emblema del editor. Texto en una sola columna
506 _aConsulta en sala
546 _aTexto en francés
650 7 _920487
_aNovela de aventuras
650 7 _920530
_aNovela inglesa
650 7 _9272
_aLiteratura inglesa
690 _aLiteratura europea
_926524
942 _2LOCAL
_cLIBRO
_e1
_hE38N027
999 _c302608
_d302608